| 000 | 00715nam a2200205Ia 4500 | ||
|---|---|---|---|
| 005 | 20260121110247.0 | ||
| 008 | 008 260114s9999 xx 000 0 hin d | ||
| 020 | _a9788132302360 | ||
| 037 | _aEBOOK | ||
| 040 |
_aCRL _bhin _cCRL |
||
| 041 |
_ahin _2hin |
||
| 084 | _qCRL | ||
| 100 |
_aनिगार खान / Nigar Khan _9944010 |
||
| 245 | 0 | _aराष्ट्रीय महिला आयोग एवं महिला सुरक्षा / Rashtriya Mahila Aayog Aur Mahila Suraksha | |
| 260 |
_bभाषा प्रकाशन / Bhasha Prakashan _c2020 |
||
| 856 | _uhttps://bhashaprakashan.com/product-details/377920 | ||
| 942 | _cEBOOK | ||
| 999 |
_c1535674 _d1535674 |
||